| Tag |
First Indicator |
Second Indicator |
Subfields |
| LEADER |
00000pam a2200000 a 4500 |
| 001 |
in00000080878 |
| 005 |
20160607150713.0 |
| 008 |
810127s1981 mauc b 00110 eng |
| 010 |
|
|
|a 81000747
|
| 020 |
|
|
|a 081618531X
|
| 035 |
|
|
|a (OCoLC)07249963
|
| 035 |
|
|
|9 AAH9664AM
|
| 039 |
0 |
|
|a 2
|b 3
|c 3
|d 3
|e 3
|
| 040 |
|
|
|a DLC
|c DLC
|d TXA
|d UtOrBLW
|
| 049 |
|
|
|a TXAM
|c [1441954]
|
| 050 |
0 |
0 |
|a Z8797.75
|b .G74
|
| 050 |
0 |
0 |
|a CT1018.S45
|
| 100 |
1 |
|
|a Griffith, Nancy Snell.
|
| 245 |
1 |
0 |
|a Albert Schweitzer :
|b an international bibliography /
|c Nancy Snell Griffith, Laura Person.
|
| 264 |
|
1 |
|a Boston, Mass. :
|b G.K. Hall,
|c [1981]
|
| 264 |
|
4 |
|c ©1981
|
| 300 |
|
|
|a xxxix, 600 pages :
|b portrait ;
|c 25 cm.
|
| 336 |
|
|
|a text
|b txt
|2 rdacontent
|
| 337 |
|
|
|a unmediated
|b n
|2 rdamedia
|
| 338 |
|
|
|a volume
|b nc
|2 rdacarrier
|
| 500 |
|
|
|a Includes indexes.
|
| 600 |
1 |
3 |
|a Schweitzer, Albert,
|d 1875-1965
|x Bibliography.
|
| 700 |
1 |
|
|a Person, Laura.
|
| 999 |
|
|
|a MARS
|
| 999 |
f |
f |
|s bd33f024-2fee-3fb7-9300-0b08d9932b1b
|i dedf2b10-eea6-38bb-8b30-c08fb6b8a5b4
|t 0
|
| 952 |
f |
f |
|p ric
|a Texas A&M University
|b Rellis Campus
|c Joint Library Facility
|d Remote Storage
|t 0
|e Z8797.75 .G74
|h Library of Congress classification
|i unmediated -- volume
|m A14806267241
|
| 998 |
f |
f |
|a Z8797.75 .G74
|t 0
|l Remote Storage
|